Horár Sever Vrúcna vášeň

Bibliographic Details
Main Author: Mráz, Igor, 1951-2010 (Author)
Other Authors: Danko, Peter (Illustrator), Danková, Zuzana (Illustrator), Danko, Adam (Illustrator)
Format: Book
Language:Slovak
PhysicalDescription:173 strán ilustrácie 22 cm
Published: Ružomberok Epos 2002
ISBN:8088977509
Edition:1. vyd.
Series:Beletria
Subjects:

MARC

LEADER 00000cam a2200000 a 4500
001 vtls001445225
003 SK-MaSNL
005 20260301190942.0
008 240226s2002 xo a gr 000 p slo
015 |a SNBA2004/02-01038 
020 |a 8088977509  |q (viazané) 
035 |a SNK000400457 
035 |a urn:nbn:sk:snk-am3j0e0 
035 |a 0EF888ED-1BF1-4959-87A4-474DF730734D 
035 |a urn:nbn:sk:snk-am00gfj0 
040 |a SNK  |b slo  |c SNK  |e AACR2 
041 0 |a slo 
044 |a xo  |c SK 
072 7 |a 821.162.4-1  |x Slovenská poézia  |2 konspekt 
080 |a 821.162.4-1  |2 1997 
080 |a 821.162.4-1  |2 2011 
080 |a 82‑14  |2 2011 
100 1 |a Mráz, Igor,  |d 1951-2010  |4 aut  |9 163465 
245 1 0 |a Horár Sever  |p Vrúcna vášeň  |c [Igor Mráz ; ilustrácie Peter, Zuzana a Adam Dankovci] 
246 3 0 |a Vrúcna vášeň 
250 |a 1. vyd. 
260 |a Ružomberok  |b Epos  |c 2002 
300 |a 173 strán  |b ilustrácie  |c 22 cm 
490 1 |a Beletria  |v 7 
655 7 |a lyrická poézia  |2 SNKPH  |9 70613 
655 7 |a slovenská poézia  |2 SNKPH  |9 70444 
700 1 |a Danko, Peter  |4 ill  |9 421654 
700 1 |a Danková, Zuzana  |4 ill  |9 342309 
700 1 |a Danko, Adam  |4 ill  |9 566903 
830 0 |a Beletria  |9 294194 
919 |a 80-88977-50-9 
958 |a TL 
958 |a LX 
999 |c 869366  |d 871296 
952 |t P60, <03>, [BOOK], {603}  |a SNK  |b SNK  |y PREZ  |7 0  |p 17A0365442  |o snkSC 114465  |i snkKSP 14461/2002  |0 0  |1 0  |4 0  |d 2002-11-27  |f 1  |l 0  |r 2025-10-03 00:00:00  |w 2026-02-24 
952 |t P60, <04>, [BOOK], {604}  |a SNK  |b SNK  |y VYP  |7 0  |p 17A0365443  |o snkSC 114465 D1  |i snkKSP 14462/2002  |0 0  |1 0  |4 0  |d 2002-11-27  |l 0  |r 2005-01-02 00:00:00  |w 2026-02-24